00404nam a2200109Ia 4500008004100000100002200041245009600063260002600159300001800185650001200203856007900215160712s9999 xx 000 0 und d aCasas, Edgardo V. cEdgardo V. Casas,aOptimized drying parameters of water hyacinths (Eichhornia crassipes. L) c2012bScience Diliman avol. 24 no. 2 xSCIENCE uhttp://journals.upd.edu.ph/index.php/sciencediliman/issue/view/386/showToc